NETWORK OPERATING SYSTEM,ប្រតិបត្តិការបណ្តាញគ្រប់គ្រង (Record no. 23493)
[ view plain ]
| 000 -LEADER | |
|---|---|
| fixed length control field | 00398nam a22001217a 4500 |
| 040 ## - CATALOGING SOURCE | |
| Transcribing agency | rua |
| 082 ## - DEWEY DECIMAL CLASSIFICATION NUMBER | |
| Classification number | RUA SOM 2023 C337 Or. |
| 100 ## - MAIN ENTRY--AUTHOR NAME | |
| Personal name | SOM VICHIKA,សំ វិច្ឆិកា |
| 245 ## - TITLE STATEMENT | |
| Title | NETWORK OPERATING SYSTEM,ប្រតិបត្តិការបណ្តាញគ្រប់គ្រង |
| 260 ## - PUBLICATION, DISTRIBUTION, ETC. (IMPRINT) | |
| Place of publication | phnom penh |
| Name of publisher | rua |
| Year of publication | 2023 |
| 300 ## - PHYSICAL DESCRIPTION | |
| Number of Pages | xviii.483p. |
| Other physical details | ill. |
| Dimensions | 27cm. |
| 942 ## - ADDED ENTRY ELEMENTS (KOHA) | |
| Koha item type | ឯកសារស្រាវជ្រាវ |
| 952 ## - LOCATION AND ITEM INFORMATION (KOHA) | |
| Withdrawn status [LOCAL, KOHA] | 0 |
| 952 ## - LOCATION AND ITEM INFORMATION (KOHA) | |
| Withdrawn status [LOCAL, KOHA] | 0 |
| Permanent Location | Date acquired | Koha item type | Lost status | Shelving location | Barcode | Current Location | Full call number |
|---|---|---|---|---|---|---|---|
| Library Block C | 2024-08-06 | ឯកសារស្រាវជ្រាវ | C337 | a081677 | Library Block C | RUA SOM 2023 C337 Or. | |
| Library Block C | 2024-08-06 | ឯកសារស្រាវជ្រាវ | C337 | a081745 | Library Block C | RUA SOM 2023 C337 Or. |